000 00409nam a22001217a 4500
999 _c9351
_d9351
003 OSt
008 201203b ||||| |||| 00| 0 eng d
245 _aIndian Highways
250 _a2016( Mar Vol.44 No.3, Apr Vol.44 No.4, May Vol.44 No.5) 2017( Jan Vol.45 No.1, Apr Vol.45 No.4, May Vol.45 No.5, Jun Vol.45 No.6 )
260 _aNew Delhi
_bIndian Roads Congress
650 _aCivil Engineering
942 _2ddc
_cBV